00238nam a2200073Ia 4500082001800000245008000018100002500098008004100123 a641.56314 LAT 0aCooking the diabetic way : the high-fibre recipe book for the whole family  a LATEGAN, Hilda A. 210825s9999 xx 000 0 und d